00626nam a2200205Ia 4500003000900000008004100009040001600050080001600066100001800082245009600100260002600196300001500222490005600237650002300293650002700316650001900343700001900362700002100381700001800402IN-BaIIA211028s9999 xx 000 0 eng d cIIA Library a535.33bBEA aBeaven, G. H. 0aMolecular spectroscopybmethods and applications in chemistrycG. H. Beaven…[et al.]  aLondonbHeywoodc1961 aviii,336p. aPhysical Processes in the Chemical Industry; v. vii aAbsorption Spectra aMolecular Spectroscopy aNASA Thesaurus aJohnson, E. A. aMiller, R. G. J. aWillis, H. A.